Spevy z Taizé

Bibliographic Details
Format: Musical Score Book
Language:Slovak
French
PhysicalDescription:1 spevník (120 nečíslovaných strán) 15 x 22 cm
Published: Bratislava TV LUX 2023
Edition:Tretie, aktualizované vydanie
Subjects:

MARC

LEADER 00000ncm a2200000 4500
001 vtls012257636
003 SK-MaSNL
005 20260301105803.0
007 qu
008 240607s2023 xo ccz g slo
015 |a SNBH2024 
024 2 |a 9788069022058 (brožované)  |z 9788069022096 
040 |a SNK  |b slo  |c SNK  |e rda 
041 1 |a slo  |h fre 
043 |a e-fr--- 
044 |a xo  |c SK 
048 |a vu 
072 7 |a 783  |x Cirkevná hudba. Duchovná hudba. Náboženská hudba  |2 konspekt 
080 |a 783  |2 2011 
080 |a 272-184.3  |2 2011 
080 |a 783.6  |2 2011 
080 |a 783.2  |2 2011 
080 |a (44)  |2 2011 
080 |a (0:82-192)  |2 2011 
245 0 0 |a Spevy z Taizé  |h hudobnina 
250 |a Tretie, aktualizované vydanie 
264 1 |a Bratislava  |b TV LUX  |c 2023 
300 |a 1 spevník (120 nečíslovaných strán)  |c 15 x 22 cm 
336 |a zápis hudby  |b ntm  |2 rdacontent 
337 |a bez média  |b n  |2 rdamedia 
338 |a zväzok  |b nc  |2 rdacarrier 
382 |a spev 
500 |a Preložené z francúzštiny 
504 |a Obsahuje biblický register 
546 |a Piesne v rôznych jazykoch 
650 0 7 |a duchovná hudba  |2 SNKPH  |9 1749 
650 0 7 |a katolícka viera  |2 SNKPH  |9 4023 
650 0 7 |a Sacred music  |2 SNKPHeng  |9 267668 
650 0 7 |a Catholic faith  |2 SNKPHeng  |9 267817 
651 7 |a Taizé (Francúzsko)  |2 SNKPH  |9 167458 
651 7 |a Taizé (France)  |2 SNKPHeng  |9 446660 
655 7 |a duchovné piesne  |2 SNKPH  |9 167489 
655 7 |a modlitby (hudba)  |2 SNKPH  |9 446661 
655 7 |a spevníky  |2 SNKPH  |9 70506 
655 7 |a Sacred songs  |2 SNKPHeng  |9 436366 
655 7 |a Prayers (music)  |2 SNKPHeng  |9 446662 
655 7 |a Songbooks  |2 SNKPHeng  |9 288744 
852 |a Slovenská národná knižnica 
919 |a 978-80-69022-05-8 
958 |a NT 
968 |b FR 
999 |c 701697  |d 703627 
952 |a SNK  |b SNK  |y PREZ  |7 0  |p 17A1550223  |o snkHSE 175  |i snk2024/9093  |8 0  |0 0  |1 0  |4 0  |d 2024-06-07  |l 0  |r 2026-02-23 21:01:28  |w 2026-02-23 
952 |a SNK  |b SNK  |y VYP  |7 0  |p 17A1550224  |o snkHSE 175 D1  |i snk2024/9094  |8 0  |0 0  |1 0  |4 0  |d 2024-06-07  |l 0  |r 2026-02-23 21:01:28  |w 2026-02-23